000 00556nam a2200217 a 4500
001 nice12345678
003 IN_TiNIC
005 20260116014027.0
008 070413s2004 lona grp 000 0 eng
020 _a0415181569
_c295
082 0 0 _a306.6
_bRAP
100 _aRapport, Nigel
245 _aKey Concepts in Social and Culture Anthropology
260 _aLondon
_bRoutledge Chapman Hall
_c2004
300 _a464p
500 _aincludes index and biblioraphy
650 _aAnthropology
902 _bSRS
942 _cBK
999 _c13561
_d13561